| 000 | 00442nam a22001457a 4500 | ||
|---|---|---|---|
| 008 | 131205b xxu||||| |||| 00| 0 eng d | ||
| 020 | _a0670837695 | ||
| 050 | _aG530.T435.A84 1994 | ||
| 100 |
_aAsher, Michael _95161 |
||
| 245 |
_aThesiger _bA Biography |
||
| 260 |
_aLondon _bViking _c1994 |
||
| 300 |
_axxiv; 582p. _c23cm |
||
| 650 |
_aThesiger, Wilfred; Adventure & adventurers - Great Britain - Biography _95162 |
||
| 942 |
_2lcc _cMONOGRAPH |
||
| 999 |
_c119088 _d119088 |
||